Presentación de la lingüística (Record no. 122124)

MARC details
000 -LEADER
campo de control de longitud fija 00574nam a2200181 4500
001 - NÚMERO DE CONTROL
campo de control 122124
003 - IDENTIFICADOR DE NÚMERO DE CONTROL
campo de control ES-MaACL
005 - FECHA Y HORA DE LA ÚLTIMA TRANSACCIÓN
campo de control 20251009185115.0
007 - CAMPO FIJO DE DESCRIPCIÓN FÍSICA--INFORMACIÓN GENERAL
campo de control de longitud fija t|
008 - DATOS DE LONGITUD FIJA--INFORMACIÓN GENERAL
campo de control de longitud fija 070214s1968 sp r ||||1| spa d
100 1# - ENTRADA PRINCIPAL--NOMBRE DE PERSONA
Nombre de persona Pottier, Bernard.
9 (RLIN) 93399
245 10 - MENCIÓN DEL TÍTULO
Título Presentación de la lingüística
Resto del título : fundamentos de una teoría /
Mención de responsabilidad, etc. Bernard Pottier ; traducción de Antonio Quilis.
260 ## - PUBLICACIÓN, DISTRIBUCIÓN, ETC.
Lugar de publicación, distribución, etc. Madrid :
Nombre del editor, distribuidor, etc. Alcalá,
Fecha de publicación, distribución, etc. 1968.
300 ## - DESCRIPCIÓN FÍSICA
Extensión 152 p. ;
Dimensiones 24 cm.
700 1# - ENTRADA AGREGADA--NOMBRE PERSONAL
Nombre de persona Quilis, Antonio,
Fechas asociadas al nombre 1933-2003
9 (RLIN) 94630
852 ## - LOCALIZACIÓN
Ubicación ES-MaACL
Número de control de estantería C-34551
Sublocalización o colección R.67206
Holdings
Estatus retirado Estado de pérdida Estado de daño No para préstamo Biblioteca de origen Biblioteca actual Ubicación en estantería Fecha de adquisición Fuente de adquisición Total de préstamos Signatura topográfica completa Código de barras Visto por última vez Precio de reemplazo Tipo de ítem Koha
        Biblioteca del Ateneo de Madrid Biblioteca del Ateneo de Madrid Depósito 2 17/01/2008     C-34551 1127267 23/02/2023 23/02/2023 Libro impreso